Statistics for 10 Scrambled Countries

Click here to take the quiz!

General Stats

  • This quiz has been taken 39 times
  • The average score is 9 of 10

Answer Stats

Scrambled CountriesAnswer% Correct
daacanCanada
100%
gptyeEgypt
100%
spliheipinpPhilippines
100%
azlbriBrazil
97%
azhksakantKazakhstan
97%
ssruiaRussia
97%
cfearnFrance
90%
anrwyoNorway
90%
iaumrianaitMauritania
74%
ealensgSenegal
74%

Score Distribution

Percentile by Number Answered

Percent of People with Each Score

Your Score History

You have not taken this quiz